000 01338nam a2200361 i 4500
001 768714001
003 CO-MdFUSB
005 20260408113106.0
007 ta
008 250917t2016 -us |||g |||| 00| 0 spa d
020 _a978-1-941538-23-4
040 _aCO-MdFUSB
_bspa
_cCO-MdFUSB
_dCO-MdFUSBC
_erda
041 _aspa
_heng
082 _223
_a261.8
_bM115
240 _aRight thinking in a world gone wrong.
245 _aEl pastor en la cultura actual :
_brespuestas bíblicas a temas candentes de hoy, por las voces más confiables.
_c/ Editado por John MacArthur
264 1 _bNivel Uno,
_aFlorida, Estados Unidos :
_c[2016]
264 4 _c©2016
300 _a252 páginas
_c; 21 cm
336 _2rdacontent
_atexto
_btxt
337 _2rdamedia
_asin mediación
_bn
338 _2rdacarrier
_avolumen
_bnc
505 _gEl entretenimiento y el ocio. -- La moral y la ética. -- La política y el activismo. -- La tragedia y el sufrimiento.
563 _arústico
650 7 _aTeología pastoral
_9227
653 _aCristianismo — Aspectos sociales
653 _aProblemas sociales — Aspectos religiosos
653 _aCultura — Aspectos religiosos — Cristianismo
653 _aÉtica cristiana
700 1 _aMacArthur, John,
_d1939-
_9143
_eeditor
942 _cBK
945 _aEstudiante Juan Eusse
999 _c71445
_d71445